Capitals by Flags of Africa Quiz - Statistics

General Stats
  • This quiz has been taken 89 times
  • The average score is 35 of 57
Answer Stats
Picture Answer % Correct
Algiers
98%
Luanda
79%
Cairo
74%
Nairobi
74%
Addis Ababa
72%
Kinshasa
72%
N'Djamena
72%
Tripoli
72%
Djibouti
70%
Gitega
70%
Rabat
70%
Antananarivo
67%
Asmara
67%
Bangui
67%
Gaborone
67%
Monrovia
67%
Moroni
67%
Praia
67%
Mbabane
65%
Mogadishu
65%
Victoria
65%
Abuja
63%
Accra
63%
Brazzaville
63%
Lilongwe
63%
Maseru
63%
Nouakchott
63%
Yamoussoukro
63%
Banjul
60%
Libreville
60%
Maputo
60%
Ouagadougou
60%
Porto-Novo (official)
60%
Yaoundé
60%
Malabo
58%
Niamey
58%
Port Louis
58%
Tunis
58%
Kigali
56%
Windhoek
56%
Bamako
53%
Bissau
53%
Conakry
53%
Dakar
53%
Cape Town (legislative)
51%
Dodoma
51%
Juba
51%
Kampala
51%
Pretoria (executive)
51%
São Tomé
51%
Bloemfontein (judicial)
49%
Freetown
49%
Khartoum
49%
Lome
47%
Lusaka
47%
Cotonou (de facto)
44%
Harare
44%
No matching quizzes found
Score Distribution
Percent of People with Each Score
Percentile by Number Answered
Your Score History
You have not taken this quiz